000 00322nam a22001337a 4500
008 170928b xxu||||| |||| 00| 0 eng d
020 _a9780312643447
041 _aeng
080 _27TH
_a37
100 _a47
101 _aEDU
245 _aTHE BEDFORD BIBLIOGRAPHY FOR TEACHERS OF WRITING
_cREYNOLDS,N
942 _2udc
_cBK
999 _c30501
_d30501